Conditional Design : An Introduction To Elemental Architecture. (Record no. 16919)

MARC details
000 -LEADER
fixed length control field 00413nam a2200157Ia 4500
008 - FIXED-LENGTH DATA ELEMENTS--GENERAL INFORMATION
fixed length control field 230116s9999 xx 000 0 und d
020 ## - INTERNATIONAL STANDARD BOOK NUMBER
International Standard Book Number 9789063693657
041 ## - LANGUAGE CODE
Language code of text/sound track or separate title eng
082 ## - DEWEY DECIMAL CLASSIFICATION NUMBER
Classification number 720.22
100 ## - MAIN ENTRY--PERSONAL NAME
Personal name Mari A D.
9 (RLIN) 106471
245 ## - TITLE STATEMENT
Title Conditional Design : An Introduction To Elemental Architecture.
260 ## - PUBLICATION, DISTRIBUTION, ETC. (IMPRINT)
Name of publisher, distributor, etc. B/s Publishers.
Date of publication, distribution, etc. 2021
300 ## - PHYSICAL DESCRIPTION
Extent 156
906 ## - LOCAL DATA ELEMENT F, LDF (RLIN)
b 37.0
Holdings
Withdrawn status Lost status Damaged status Not for loan Collection code Home library Current library Shelving location Date acquired Vendor Cost, normal purchase price Total Checkouts Full call number Barcode Date last seen Cost, replacement price Bill Date Koha item type Original Barcode Source of classification or shelving scheme Bill number Total Renewals Date last checked out
        Book of B Arch Dr. Bhanuben Nanavati College of Architecture Dr. Bhanuben Nanavati College of Architecture   23/10/2018 Word Book Shop 1263.70   720.22 MAR BNCA-BK-10730 03/08/2022 1293.70 17/10/2018 Books B10730        
        Book of B Arch Dr. Bhanuben Nanavati College of Architecture Dr. Bhanuben Nanavati College of Architecture   23/12/2022 Metro Books 711.98 8 720.22 MAR BNCA-BK-12111 18/07/2024 1130.13 16/01/2023 Books B012111 Dewey Decimal Classification 2088 1 08/07/2024